Безопасность и контртерроризм (Запись № 13454521)

Подробности
000 -МАРКЕР
контрольное поле 01500nam2a2200301 4500
001 - ИДЕНТИФИКАТОР ЗАПИСИ
контрольное поле RU\NLR\BIBL_A\022587175
005 - ИДЕНТИФИКАТОР ВЕРСИИ
контрольное поле 20250730170141.0
010 ## - МЕЖДУНАРОДНЫЙ СТАНДАРТНЫЙ НОМЕР КНИГИ (ISBN)
Номер (ISBN) 978-5-6053532-0-1
Уточнения т. 5
021 ## - НОМЕР ГОСУДАРСТВЕННОЙ РЕГИСТРАЦИИ
Код страны Российская Федерация
Номер КН-П-25-025257
Номер Листа государственной регистраци КН-П-25-2516
035 ## - ДРУГИЕ СИСТЕМНЫЕ НОМЕРА
Идентификатор записи (NLR Aleph) 022587175
100 ## - ДАННЫЕ ОБЩЕЙ ОБРАБОТКИ
Данные общей обработки 20250717d2025 k y0rusy50 ca
101 0# - ЯЗЫК РЕСУРСА
Язык текста, звукозаписи и т.д. русский
-- английский
Язык резюме английский
102 ## - СТРАНА ПУБЛИКАЦИИ ИЛИ ПРОИЗВОДСТВА
Страна публикации Российская Федерация
105 ## - ПОЛЕ КОДИРОВАННЫХ ДАННЫХ: ТЕКСТОВЫЕ МАТЕРИАЛЫ, МОНОГРАФИЧЕСКИЕ
Кодированные данные о монографическом текстовом документе ach|z|||000yy
200 1# - ЗАГЛАВИЕ И СВЕДЕНИЯ ОБ ОТВЕТСТВЕННОСТИ
Основное заглавие Безопасность и контртерроризм
210 ## - ПУБЛИКАЦИЯ, РАСПРОСТРАНЕНИЕ И ДР.
Дата издания, распространения и т.д. 2025
215 ## - ФИЗИЧЕСКАЯ ХАРАКТЕРИСТИКА
Специфическое обозначение материала и объем 282 с.
Другие сведения о физической характеристике ил., табл., цв. ил., портр., факс.
300 ## - ОБЩИЕ ПРИМЕЧАНИЯ
Текст примечания Часть текста англ.
320 ## - ПРИМЕЧАНИЯ О НАЛИЧИИ В ДОКУМЕНТЕ БИБЛИОГРАФИИ / УКАЗАТЕЛЯ
Текст примечания Библиогр. в конце ст. и в подстроч. примеч.
461 #0 - УРОВЕНЬ НАБОРА
Встроенное поле 001RU\NLR\BIBL_A\022571046
-- 2001#$aИзбранные произведения$eв шести томах$fЛ. С. Рубан$gпод ред. д. философ. н., профессора Л. В. Баевой$gАНО ВО "Университет мировых цивилизаций имени В. В. Жириновского" [и др.]$vТ. 5
-- 700#1$aРубан$bЛ. С.$cд-р социол. наук, философ$gЛариса Семеновна$3RU\NLR\AUTH\7747889
606 1# - НАИМЕНОВАНИЕ ТЕМЫ КАК ПРЕДМЕТ
Наименование темы Международная безопасность
Хронологический подзаголовок 1991 -
Формальный подзаголовок Сборники
Код системы nlr_sh2
Идентификатор авторитетной/нормативной записи RU\NLR\AUTH\661442915
686 1# - ИНДЕКСЫ ДРУГИХ КЛАССИФИКАЦИЙ
Индекс Ф5(0)1я44
686 1# - ИНДЕКСЫ ДРУГИХ КЛАССИФИКАЦИЙ
Индекс Ц8(0)1я44
942 ## - ДОПОЛНИТЕЛЬНЫЕ ЭЛЕМЕНТЫ ЗАПИСИ (АБИС)
Тип экземпляра АБИС Книга
980 ## - КОЛЛЕКЦИЯ
Название коллекции Национальная библиография

Нет доступных экземпляров.